Planning At the Local Government Level In Nigeria (Record no. 3267)

MARC details
000 -LEADER
fixed length control field 00400nam a22001337a 4500
008 - FIXED-LENGTH DATA ELEMENTS--GENERAL INFORMATION
fixed length control field 250429b |||||||| |||| 00| 0 eng d
020 ## - INTERNATIONAL STANDARD BOOK NUMBER
ISBN 9783282409
100 ## - MAIN ENTRY--AUTHOR
Author Onoke Rhorayeg Andrew
245 ## - TITLE STATEMENT
Title Planning At the Local Government Level In Nigeria
260 ## - PUBLICATION, DISTRIBUTION, ETC. (IMPRINT)
Place of publication University Of Benin City
Name of publisher The Benin Social Science Series For Africa
Date of publication 1994
300 ## - COLLATION
Pagination 244p.
942 ## - ADDED ENTRY ELEMENTS (KOHA)
Item type Books
050 ## - LIBRARY OF CONGRESS CALL NUMBER
Classification number JS 3152
Item number .O56
Holdings
Source of classification or shelving scheme Not for loan Permanent location Current location Date acquired Accession No. Full call number Barcode. Koha item type
Library of Congress Classification   Samuel Ogbemudia Main Library, University of Abuja Samuel Ogbemudia Main Library, University of Abuja 04/29/2025 98/018398 JS 3152.O56 2025-1720 Books